000 00661nam a22002777a 4500
003 UA-OsUOA
001 26766
007 ta
008 20040609b un ||||| |||| 00| 0 ukr d
100 _aРудишин М.П.
700 _aКолісник Б.І.
700 _aАвдеєнко Є.П.
090 _a636
_bР83
942 _cBK
040 _aUA-OsUOA
_bukr
_cUA-OsUOA
_dUA-OsUOA
245 _aСловник-довідник мисливця
300 _a176 с.
955 _a0
041 _aukr
080 _a636
020 _a5-337-00883-8
260 _aКиїв
_bУрожай
_c1992
044 _aUA
650 7 _2UDC
999 _c313094
_d313094